000 00503nam a2200181Ia 4500
008 230718s9999 xx 000 0 und d
020 _a9788172238421
041 _aeng
082 _a920.71
_bGOP
100 _aGopinath G.R.
_9112732
245 _aSimply Fly
_bA Deccan Odyssey
250 _aHardcover; 2010-01-21
260 _c2009
_bHarper Collins India
300 _a380
365 _cRs.
_b499.00
700 _aGopinath G.R.
_9112732
906 _dO:0084206-May-2010B:375526-Mar-2010
_cGENRL
_b99.8
999 _c324752
_d324752